| 000 | 00971cam a2200301 4500 | ||
|---|---|---|---|
| 005 | 20260322212010.0 | ||
| 008 | data | ||
| 010 | _a 72075382 | ||
| 020 | _a0870441078 | ||
| 020 | _a9780870441073 | ||
| 040 |
_aDLC _cDLC _dDLC |
||
| 043 | _an-ust-- | ||
| 050 | 0 | 0 |
_aF787 _b.F5 |
| 082 | 0 | 0 | _a917.9/02 |
| 092 | _a917.9 F5 1972 | ||
| 100 | 1 | _aFindley, Rowe. | |
| 245 | 1 | 0 |
_aGreat American deserts. _cRowe Findley, Walter Meayers Edwards & National Geographic Society (U.S.). |
| 260 |
_a[Washington, _bNational Geographic Society, _c1972. |
||
| 300 |
_a207 p. _billus. (part col.) _c27 cm. |
||
| 504 | _aBibliography: p. 207. | ||
| 650 | 0 | _aDeserts. | |
| 651 | 0 |
_aSouthwest, New _xDescription and travel. |
|
| 700 | 1 |
_aEdwards, Walter Meayers, _eillus. |
|
| 710 | 2 |
_aNational Geographic Society (U.S.). _bSpecial Publications Division. |
|
| 740 | _aAmerican deserts. | ||
| 856 | 4 | 1 |
_3Table of contents _uhttp://www.loc.gov/catdir/toc/fy0601/72075382.html |
| 001 | data | ||
| 999 |
_c199 _d199 |
||